|
|
|
|
| LEADER |
00000nab#a22000007a#4500 |
| 001 |
arbauad004147 |
| 003 |
AR-BaUAD |
| 005 |
20250711110623.0 |
| 008 |
930418|||||||||###||||||b###|0###a|spa|| |
| 040 |
|
|
|a AR-BaUAD
|c AR-BaUAD
|b spa
|
| 100 |
|
|
|a Lencinas, Julio
|
| 245 |
|
|
|a La fotografía en el documental /
|c Julio Lencinas;
|
| 653 |
|
|
|a CINE
|
| 653 |
|
|
|a VIDEO
|
| 653 |
|
|
|a CINE DOCUMENTAL
|
| 653 |
|
|
|a DIRECCION DE FOTOGRAFIA
|
| 653 |
|
|
|a TECNICA
|
| 653 |
|
|
|a DOCUMENTALES
|
| 773 |
0 |
|
|t CINE BOLETIN
|g no. 16 [mayo 1983], p. 29
|
| 942 |
|
|
|c ARTI
|
| 952 |
|
|
|0 0
|1 0
|4 0
|7 0
|9 49067
|a AR-BAuAD
|b AR-BAuAD
|d 2025-07-11
|l 0
|p AAQA004147
|r 2025-07-11 11:06:23
|w 2025-07-11
|y ARTI
|
| 990 |
|
|
|a C198
|b TD
|
| 998 |
|
|
|a AAQ
|b BIBUN76
|
| 999 |
|
|
|c 28740
|d 28740
|